Reclaiming of natural rubber based latex products : A mechanistic approach (Record no. 66523)

MARC details
000 -LEADER
fixed length control field 00569nam a2200157Ia 4500
100 ## - MAIN ENTRY--AUTHOR NAME
Personal name Rajan V V
245 #0 - TITLE STATEMENT
Title Reclaiming of natural rubber based latex products : A mechanistic approach
260 ## - PUBLICATION, DISTRIBUTION, ETC. (IMPRINT)
Name of publisher Proceedings of the National Conference and Exposition on Rubber and Allied Materials. India Rub Tech Expo 2004. 13-14 February, 2004, Mysore.pp.361-366.
650 ## - SUBJECT ADDED ENTRY--TOPICAL TERM
Topical Term Devulcanization
650 ## - SUBJECT ADDED ENTRY--TOPICAL TERM
Topical Term Latex products
650 ## - SUBJECT ADDED ENTRY--TOPICAL TERM
Topical Term Natural rubber
700 ## - ADDED ENTRY--PERSONAL NAME
Personal name Dierkes W K
700 ## - ADDED ENTRY--PERSONAL NAME
Personal name Noordermeer J W M
942 ## - ADDED ENTRY ELEMENTS (KOHA)
Koha item type Journals
Holdings
Withdrawn status Lost status Damaged status Not for loan Home library Current library Shelving location Date acquired Koha item type
      Journals RRII Library RRII Library Rubber chemistry 17/12/2021 Journals